Elements pour une theorie des milieux poreux

Saved in:
Bibliographic Details
Main Author: Matheron, Georges (autor)
Format: Book
Language:French
Published: París Masson 1967
Subjects:
Tags: Add Tag
No Tags, Be the first to tag this record!

MARC

LEADER 00000nam a2200000 a 4500
001 UCZ8893
003 CL-VaPUC
008 960126e19670000FR |||||||||||||||||fre|d
082 0 4 |a 516  |b MAT  |2 21 
100 |a Matheron, Georges  |e autor  |9 354192 
245 1 0 |a Elements pour une theorie des milieux poreux 
300 |a 164 p 
942 |c BK 
945 |d 19960126 00:00:00  |a rbrito 
260 |a París  |b Masson  |c 1967 
650 0 |a Geometría   |9 264063 
650 7 |a TEORIA BOOLEANA  |2 CL-VaPUC  |9 354193 
650 0 |a Hidrodinámica   |9 261326 
583 |a last modification  |c 19960126 00:00:00  |k Rodrigo Vera 
999 |c 244591  |d 244589 
952 |0 0  |1 0  |4 0  |6 516_000000000000000_MAT_1967  |7 0  |8 A  |9 258702  |a BIBMAT  |b BIBMAT  |d 2019-11-19  |i 3169588  |o 516 MAT 1967  |p 3169588  |r 2025-01-07  |w 2019-11-19  |y BK  |k MAT